1978 1291 1415 1333 1790 1423 1090 1054 1849 1497 1624 1358 1328 1462 1285 1735 1725 1370 1910 1098 1129 1616 1084 1835 1642 1790 1224 1763 1666 1579 1284 1213 1340 1149 1287 1950 1770 1638 1235 1788 1804 1143 1725 1579 1131 1340 1471 1425 1137 1061 1824 1843 1576 1448 1953 1689 1813 1784 1738 1928 1521 1284 1822 1804 1285 1384 1877 1702 1707 1263 1385 1415 1784 1735 1562 1391 1931 1075 1385 1711 1745 1779 1322 1072 1630 1687 1288 1212 1299 1594 1609 1944 1660 1291 1898 1716 1097 1263 1975 BCNSPRNW ULIB Ver.6.0+V

เปลี่ยนเป็นภาษาไทย

Change to English
 แสดงรายละเอียดบรรณานุกรม
  กลับหน้าหลัก

Brief Record : Get Marc (ISO 2709) : E-mail record : QR code < ปิดหน้าต่าง
LEADER : 00000nam 2200000uu 4500
001    13399113639
003     ULIB
008    111209s2543||||th 000 0 tha d
020    ^a9746112813(ล.2)
060  4 ^aWA100^bม226ส ล.2 2543
110 1  ^aมหาวิทยาลัยสุโขทัยธรรมาธิราช^bสาขาวิชาวิทยาศาสตร์สุขภาพ
245 00 ^aเอกสารการสอนชุดวิชา สุขภาพส่วนบุคคลและชุมชน หน่วยที่ 8-15=^bPersonal and community health/^cประธาน สมทรง อินสว่าง
246 31 ^aPersonal and community health
250    ^aพิมพ์ครั้งที่ 12
260    ^aนนทบุรี:^bศูนย์หนังสือมหาวิทยาลัยสุโขทัยธรรมาธิราช,^c2543
300    ^a598 หน้า
650  7 ^aอนามัยชุมชน
650  7 ^aโรค^xการป้องกันและรักษา
700 0  ^aกิตติ วัฒนกุล,^eบรรณาธิการ
710 2  ^aมหาวิทยาลัยสุโขทัยธรรมาธิราช^bสาขาวิชาวิทยาศาสตร์สุขภาพ
945    ^p0^l0^i10471
945    ^p0^l0^i10474
945    ^p0^l0^i10473
945    ^p0^l0^i14687
945    ^p0^l0^i14685
945    ^p0^l0^i14686
945    ^p0^l0^i10472
995    ^aกัณชพร
999    ^aใช้งานได้ทุกระบบ
รายการนี้ยังไม่มีแท็ก
คุณยังไม่ได้ล็อกอิน คุณสามารถมีกิจกรรมร่วมกับเว็บไซต์ได้ แต่ต้องล็อกอินก่อน ::
  ล็อกอิน

รายการสื่อสารสนเทศ

ลำดับที่ ประเภท เลขเรียก/บาร์โค้ด สถานที่ สถานะ
- ไม่พบข้อมูล -

รายการใกล้เคียง
    หัวเรื่อง [อนามัยชุมชน]

BibComment


ยังไม่เคยถูกคอมเมนท์

คอมเมนท์ทรัพยากรรายการนี้
  คอมเมนท์: เอกสารการสอนชุดว..


 Copyright 2026. Bcnsprnw @Library